000 01243nam a2200265 a 4500
001 000037437
005 20250721105520.0
008 120418s2003 sp ac 000 0 spa d
020 _a840008134x
040 _aDO-SdBNP
_bspa
_cBNPHU
082 _a352.16098
_bE56m
111 1 _aEncuentro con la Solidaridad
_n(1 :
_d2003:
_cSevilla, España)
_963881
245 1 0 _aMunicipios y administración :
_bestudios sobre cooperación con América Latina /
_ccoordinador J. Raúl Navarro García ; prólogo Jesús Raúl Navarro García.
260 _aSevilla :
_bCSIC,
_c2003.
300 _a218 p. :
_bil., retrs. ;
_c22 cm.
490 1 _aPublicaciones de la Escuela de Estudios Hispano-Americanos
_aDifusión y estudio
_v425
504 _aIncluye referencias bibliográficas y notas al pie de las páginas.
650 0 _aGobierno municipal
_917207
650 4 _aCooperación intergubernamental
_911069
650 0 _aGobierno municipal
_917207
700 1 2 _aNavarro García, Jesús Raúl
_epról.
_917794
710 2 _aConsejo Superior de Investigaciones Científicas
_94786
830 0 _aPublicaciones de la Escuela de Estudios Hispano-Americanos de la Universidad de Sevilla
_pDifusión y estudio
_963882
910 _aValidado. Control de calidad MFF
999 _c36927
_d36927